| Tag |
First Indicator |
Second Indicator |
Subfields |
| LEADER |
00000cam a2200000 i 4500 |
| 001 |
in00000062717 |
| 005 |
20151008050625.0 |
| 008 |
751031r19751972oru bb 00010 eng d |
| 035 |
|
|
|a (OCoLC)01750213
|
| 035 |
|
|
|9 AAG2204AM
|
| 040 |
|
|
|a IWU
|c IWU
|d OCL
|d TXA
|d UtOrBLW
|
| 049 |
|
|
|a TXAI
|
| 099 |
|
|
|a fiche
|a C
|a 1385
|
| 100 |
1 |
|
|a Bolander, Drew F.
|
| 245 |
1 |
3 |
|a An evaluation of the misdemeanant drinking-driving program in Utah County /
|c by Drew F. Bolander.
|
| 264 |
|
1 |
|a Provo, Utah :
|b Bolander,
|c 1972.
|
| 300 |
|
|
|a 81 leaves ;
|c 29 cm.
|
| 336 |
|
|
|a text
|b txt
|2 rdacontent
|
| 337 |
|
|
|a microform
|b h
|2 rdamedia
|
| 338 |
|
|
|a microfiche
|b he
|2 rdacarrier
|
| 500 |
|
|
|a Microfiche (negative) of typescript. Eugene : Microform Publications, College of Health, Physical Education and Recreation, University of Oregon, 1975. -- 1 sheet ; 10.5 x 14.8 cm.
|
| 502 |
|
|
|b M.S.
|c Brigham Young University.
|
| 504 |
|
|
|a Bibliography : leaves 64-65.
|
| 500 |
|
|
|a Microform.
|
| 650 |
|
0 |
|a Drinking and traffic accidents
|x Study and teaching
|z Utah
|z Utah County.
|
| 999 |
|
|
|a MARS
|
| 999 |
f |
f |
|s 5443681b-33cb-374e-8b53-270df065e17f
|i 0090c481-303d-30f5-b0c5-5e6c3bbad9d4
|t 0
|
| 952 |
f |
f |
|p normal
|a Texas A&M University
|b College Station
|c Sterling C. Evans Library
|d Evans: Microforms (3rd floor)
|t 0
|e fiche C 1385
|h Other scheme
|i microform -- microfiche
|m A14820663922
|
| 998 |
f |
f |
|a fiche C 1385
|t 0
|l Evans: Microforms (3rd floor)
|